Logo BPK

Biblioteka

Politechniki Koszalińskiej

Pogranicze z Niemcami a inne pogranicza Polski / (Rekord nr 36401)

Szczegóły MARC
000 -ETYKIETA REKORDU
podpole kontrolne o stałej długości 00841nam a2200241 i 4500
001 - NUMER KONTROLNY REKORDU
pole kontrolne bg
020 ## - MIĘDZYNARODOWY ZNORMALIZOWANY NUMER KSIĄŻKI - ISBN
ISBN 8322919115
040 ## - ŹRÓDŁO KATALOGOWANIA
Instytucja, która utworzyła rekord BPK
041 0# - KOD JĘZYKA
Kod języka tekstu pl
Kod języka streszczenia lub abstraktu ende
080 ## - UNIWERSALNA KLASYFIKACJA DZIESIĘTNA - UKD
UKD 316.4(438-04)"1989/..."
920 ## - Międzynarodowy znormalizowany numer książki – ISBN
ISBN 83-229-1911-5
008 - POLE O STAŁEJ DŁUGOŚCI - DANE KONTROLNE
podpole kontrolne o stałej długości s pl f |000 0 pol
245 00 - TYTUŁ/ODPOWIEDZIALNOŚĆ
Tytuł Pogranicze z Niemcami a inne pogranicza Polski /
Pozostałe elementy strefy tytułu i oznaczenia odpowiedzialności pod red. Zbigniewa Kurcza.
260 ## - STREFA ADRESU WYDAWNICZEGO
Miejsce wydania Wrocław :
Nazwa wydawcy/dystrybutora Wydaw. Uniwersytetu Wrocławskiego,
Data publikacji, dystrybucji/powstania dokumentu 1999.
300 ## - STREFA OPISU FIZYCZNEGO
Objętość 282, [3] s. :
Inne cechy fizyczne 3 mapy, 3 wykr. ;
Rozmiary 24 cm.
490 1# - STREFA SERII I DOKUMENTU WIELOCZĘŚCIOWEGO - FORMA NIE DO WYSZUKIWANIA
Tytuł i oznaczenie odpowiedzialności serii Acta Universitatis Wratislaviensis,
ISSN 0239-6661 ;
Numeracja w obrębie serii no 2135
500 ## - UWAGI OGÓLNE
Tekst uwagi Streszcz. ang., niem. przy rozdz.
504 ## - UWAGA DOTYCZĄCA BIBLIOGRAFII
Informacje o bibliografii Bibliogr. przy rozdz.
650 #9 - HASŁO PRZEDMIOTOWE W FORMIE NAZWY OGÓLNEJ LUB JEDNOSTKOWEJ
Nazwa ogólna lub geograficzna Regiony przygraniczne
Określnik ogólny socjologia
Określnik geograficzny Polska
Określnik chronologiczny od 1989 r.
700 1# - HASŁO DODATKOWE - NAZWA OSOBOWA
Nazwa osobowa Kurcz, Zbigniew.
Określenie związku między hasłem a opisywanym materiałem Red.
830 ## - HASŁO DODATKOWE SERII LUB DOKUMENTU WIELOCZĘŚCIOWEGO - TYTUŁ UJEDNOLICONY
Tytuł ujednolicony Acta Universitatis Wratislaviensis,
-- 0239-6661 ;
856 ## - LOKALIZACJA I DOSTĘP DO ELEKTRONICZNYCH DOKUMENTÓW ZDALNYCH
Link (URL) http://koha.tu.koszalin.pl/cgi-bin/koha/opac-detail.pl?biblionumber=36401
Tekst linku Katalog online BPK
942 ## - DODATKOWE ELEMENTY (KOHA)
Typ dokumentu Książka
Egzemplarze
Wycofany Status egzemplarza Uszkodzony Dostępność Lokalizacja stała Lokalizacja bieżąca Miejsce przechowywania Sygnatura Kod kreskowy Dział Typ dokumentu
      Tylko na miejscu Biblioteka Politechniki Koszalińskiej Biblioteka Politechniki Koszalińskiej Czytelnia Wydziałowa ul. Kwiatkowskiego 6e 50758 01455779 339 Handel. Międzynarodowe stosunki gospodarcze Książka
© 2023 Biblioteka Politechniki Koszalińskiej :: KOHA